LEADER 02025nam 2200517 450 001 9910788390703321 005 20231203051830.0 010 $a1-62190-395-8 035 $a(MiAaPQ)EBC30684913 035 $a(Au-PeEL)EBL30684913 035 $a(OCoLC)1394118675 035 $a(MdBmJHUP)musev2_118707 035 $a(EXLCZ)9927973050100041 100 $a20230905d2018 uy 0 101 0 $aeng 135 $aurcnu|||||||| 181 $ctxt$2rdacontent 182 $cc$2rdamedia 183 $acr$2rdacarrier 200 10$aCircus life $eperforming and laboring under America's big top shows, 1830-1920 /$fMicah D. Childress 205 $a1st ed. 210 1$aKnoxville, Tennessee :$cThe University of Tennessee Press,$d[2018] 210 4$dİ2018 215 $a1 online resource (265 pages) 225 1 $aSports and Popular Culture Series 311 08$aPrint version: Childress, Micah D. Circus Life Chicago : University of Tennessee Press,c2018 9781621903949 320 $aIncludes bibliographical references and index. 327 $aIntro -- Contents -- Foreword by Brian M. Ingrassia -- Acknowledgments -- Introduction -- Chapter 1: The Circus Becomes Respectable: Accommodation and Change in the Nineteenth Century -- Chapter 2: The Biggest Day of the Year -- Chapter 3: Working in the Circus -- Chapter 4: Obstacles and Opportunities -- Chapter 5: Amusement Barons or Captains of Entertainment? -- Conclusion -- Notes -- Bibliography -- Index. 410 0$aSports and Popular Culture Series 606 $aCircus$xSocial aspects 606 $aCircus workers 606 $aCircus performers 607 $aUSA$2gnd 608 $aElectronic books. 615 0$aCircus$xSocial aspects. 615 0$aCircus workers. 615 0$aCircus performers. 676 $a791.3 700 $aChildress$b Micah D.$01497300 801 0$bMiAaPQ 801 1$bMiAaPQ 801 2$bMiAaPQ 906 $aBOOK 912 $a9910788390703321 996 $aCircus life$93722357 997 $aUNINA LEADER 00960nam0-2200337---450 001 990008685160403321 005 20240925110727.0 010 $a0-415-00187-0 035 $a000868516 035 $aFED01000868516 035 $a(Aleph)000868516FED01 035 $a000868516 100 $a20080707d1988----km-y0itay50------ba 101 0 $aeng 102 $aUS 105 $ay-------001cy 200 1 $aPlatonic writings-platonic readings$fedited by Charles L. Griswold 210 $aNew York ; London$cRoutledge$d1988 215 $a321 p.$d23 cm 320 $aBibliografia: p. 301-311 610 0 $aPlatone$aDialoghi 676 $a184 702 1$aGriswold,$bCharles L. 801 0$aIT$bUNINA$gRICA$2UNIMARC 901 $aBK 912 $a990008685160403321 952 $aP.1 PLATO/S 14 BIS$bBIBL.15586$fFLFBC 952 $a184 PLAT/S 014$b13197 Bibl.$fFLFBC 959 $aFLFBC 996 $aPlatonic writings-platonic readings$9717297 997 $aUNINA